<?xml version="1.0" encoding="UTF-8"?>
<record
    xmlns:xsi="http://www.w3.org/2001/XMLSchema-instance"
    xsi:schemaLocation="http://www.loc.gov/MARC21/slim http://www.loc.gov/standards/marcxml/schema/MARC21slim.xsd"
    xmlns="http://www.loc.gov/MARC21/slim">

  <leader>01151nac a22002171u 4500</leader>
  <controlfield tag="008">100810s1973    le|||||r|||| 001 0dara d</controlfield>
  <datafield tag="082" ind1=" " ind2=" ">
    <subfield code="a">269.92</subfield>
    <subfield code="b">&#x62A; &#x641; &#x62A;</subfield>
  </datafield>
  <datafield tag="100" ind1=" " ind2=" ">
    <subfield code="a">&#x627;&#x644;&#x62A;&#x641;&#x62A;&#x627;&#x632;&#x627;&#x646;&#x64A; &#x60C; &#x623;&#x628;&#x648; &#x627;&#x644;&#x648;&#x641;&#x627; &#x627;&#x644;&#x63A;&#x646;&#x64A;&#x645;&#x64A;</subfield>
    <subfield code="9">17364</subfield>
    <subfield code="c">&#x623;&#x633;&#x62A;&#x627;&#x630; &#x627;&#x644;&#x641;&#x644;&#x633;&#x641;&#x629; &#x627;&#x644;&#x625;&#x633;&#x644;&#x627;&#x645;&#x64A;&#x629; &#x648;&#x627;&#x644;&#x62A;&#x635;&#x648;&#x641; &#x628;&#x643;&#x644;&#x64A;&#x629; &#x627;&#x644;&#x622;&#x62F;&#x627;&#x628; &#x628;&#x62C;&#x627;&#x645;&#x639;&#x629; &#x627;&#x644;&#x642;&#x627;&#x647;&#x631;&#x629;</subfield>
  </datafield>
  <datafield tag="245" ind1=" " ind2=" ">
    <subfield code="a">&#x627;&#x628;&#x646; &#x633;&#x628;&#x639;&#x64A;&#x646; &#x648; &#x641;&#x644;&#x633;&#x641;&#x629; &#x627;&#x644;&#x635;&#x648;&#x641;&#x64A;&#x629; /</subfield>
    <subfield code="c">&#x623;&#x628;&#x648; &#x627;&#x644;&#x648;&#x641;&#x627; &#x627;&#x644;&#x63A;&#x646;&#x64A;&#x645;&#x64A; &#x627;&#x644;&#x62A;&#x641;&#x62A;&#x627;&#x632;&#x627;&#x646;&#x64A;</subfield>
  </datafield>
  <datafield tag="260" ind1=" " ind2=" ">
    <subfield code="a">&#x628;&#x64A;&#x631;&#x648;&#x62A; :</subfield>
    <subfield code="b">&#x62F;&#x627;&#x631; &#x627;&#x644;&#x643;&#x62A;&#x627;&#x628; &#x627;&#x644;&#x644;&#x628;&#x646;&#x627;&#x646;&#x64A; &#x60C;</subfield>
    <subfield code="c">1973</subfield>
  </datafield>
  <datafield tag="300" ind1=" " ind2=" ">
    <subfield code="a">542 &#x635; &#x61B;</subfield>
    <subfield code="c">24 &#x633;&#x645;.</subfield>
  </datafield>
  <datafield tag="504" ind1=" " ind2=" ">
    <subfield code="a">&#x64A;&#x62D;&#x62A;&#x648;&#x64A; &#x639;&#x644;&#x64A;  &#x628;&#x628;&#x64A;&#x644;&#x648;&#x62C;&#x631;&#x627;&#x641;&#x64A;&#x629; :&#x635;475-496 &#x648;&#x643;&#x634;&#x627;&#x641;&#x627;&#x62A; </subfield>
  </datafield>
  <datafield tag="511" ind1=" " ind2=" ">
    <subfield code="a">Catalogued by: Sara</subfield>
  </datafield>
  <datafield tag="541" ind1=" " ind2=" ">
    <subfield code="a">&#x623;&#x644;&#x641; &#x628;&#x627;&#x621; &#x61B;</subfield>
    <subfield code="c">&#x634;&#x631;&#x627;&#x621; &#x61B;</subfield>
  </datafield>
  <datafield tag="600" ind1=" " ind2=" ">
    <subfield code="9">17392</subfield>
    <subfield code="a">&#x627;&#x628;&#x646; &#x633;&#x628;&#x639;&#x64A;&#x646;&#x60C;</subfield>
    <subfield code="q">&#x639;&#x628;&#x62F; &#x627;&#x644;&#x62D;&#x642; &#x628;&#x646; &#x627;&#x628;&#x631;&#x627;&#x647;&#x64A;&#x645; &#x628;&#x646; &#x646;&#x635;&#x631; &#x628;&#x646; &#x645;&#x62D;&#x645;&#x62F;</subfield>
  </datafield>
  <datafield tag="650" ind1=" " ind2=" ">
    <subfield code="9">17366</subfield>
  </datafield>
  <datafield tag="650" ind1=" " ind2=" ">
    <subfield code="a">&#x627;&#x644;&#x645;&#x62A;&#x635;&#x648;&#x641;&#x648;&#x646;</subfield>
    <subfield code="9">16077</subfield>
  </datafield>
  <datafield tag="650" ind1=" " ind2=" ">
    <subfield code="9">16733</subfield>
  </datafield>
  <datafield tag="942" ind1=" " ind2=" ">
    <subfield code="c">BB</subfield>
    <subfield code="k">269.92&#x62A; &#x641; &#x62A;</subfield>
    <subfield code="2">ddc</subfield>
  </datafield>
  <datafield tag="999" ind1=" " ind2=" ">
    <subfield code="c">7231</subfield>
    <subfield code="d">7231</subfield>
  </datafield>
  <datafield tag="952" ind1=" " ind2=" ">
    <subfield code="0">0</subfield>
    <subfield code="1">0</subfield>
    <subfield code="2">ddc</subfield>
    <subfield code="4">0</subfield>
    <subfield code="7">0</subfield>
    <subfield code="8">Alef-Baa</subfield>
    <subfield code="a">MAIN</subfield>
    <subfield code="b">MAIN</subfield>
    <subfield code="c">LOW</subfield>
    <subfield code="d">2010-08-10</subfield>
    <subfield code="e">purchase</subfield>
    <subfield code="o">269.92 &#x62A; &#x641; &#x62A;</subfield>
    <subfield code="p">000008673</subfield>
    <subfield code="r">2025-07-15 00:00:00</subfield>
    <subfield code="s">2024-10-29</subfield>
    <subfield code="y">BB</subfield>
  </datafield>
</record>
